000
00286nam a22000977a 4500
005
20250901165505.0
008
210512b |||||||| |||| 00| 0 eng d
050
_a
T 58.6 .L83 2005
245
_a
Management information systems
_c
LUCEY, TERRY
942
_2
lcc
_h
T 58.6 .L83 2005
999
_c
4800
_d
4800